|
|
|
|
| LEADER |
00882nam a2200229 a 4500 |
| 001 |
2773060 |
| 008 |
091124s1981 enka b 001 0 eng d |
| 010 |
|
|
|a \\\80042247
|
| 020 |
|
|
|a 007084643X (pbk.)
|
| 040 |
|
|
|a DLC
|c DLC
|d DLC
|
| 082 |
0 |
0 |
|a 330.941/0858
|2 19
|
| 100 |
1 |
|
|a Nobbs, Jack.
|
| 245 |
1 |
0 |
|a Social economics /
|c Jack Nobbs.
|
| 250 |
|
|
|a 3rd ed.
|
| 260 |
|
|
|a London ;
|a New York :
|b McGraw-Hill,
|c 1981.
|
| 300 |
|
|
|a x, 264 p. :
|b ill. ;
|c 25 cm.
|
| 504 |
|
|
|a Includes bibliographical references and index.
|
| 541 |
1 |
|
|e 00010943
|
| 651 |
|
0 |
|a Great Britain
|x Economic conditions
|y 1964-1979.
|
| 852 |
4 |
|
|a Ayesha Abed Library
|j General shelf
|
| 999 |
|
|
|c 5840
|d 5840
|
| 952 |
|
|
|0 0
|1 0
|2 ddc
|4 0
|6 330_941085800000000_NOB_1981
|7 0
|9 5815
|a BRACUL
|b BRACUL
|c GEN
|d 2009-12-02
|g 0.00
|l 1
|o 330.9410858 NOB
|p 3010010943
|r 2024-01-24
|s 2024-01-16
|t 1
|w 2009-12-02
|y BK
|x No price found in the accession register.
|